|
|
|
|
| LEADER |
01449nam a2200385Ia 4500 |
| 001 |
EBC233861 |
| 003 |
MiAaPQ |
| 005 |
20200520144314.0 |
| 006 |
m o d | |
| 007 |
cr cn||||||||| |
| 008 |
050524s2005 enka sb 001 0 eng d |
| 015 |
|
|
|a GBA545369
|2 bnb
|
| 020 |
|
|
|z 1845441001 (pbk.)
|
| 035 |
|
|
|a (MiAaPQ)EBC233861
|
| 035 |
|
|
|a (Au-PeEL)EBL233861
|
| 035 |
|
|
|a (CaPaEBR)ebr10085643
|
| 035 |
|
|
|a (CaONFJC)MIL50849
|
| 035 |
|
|
|a (OCoLC)191038889
|
| 040 |
|
|
|a MiAaPQ
|c MiAaPQ
|d MiAaPQ
|
| 050 |
|
4 |
|a HD30.2
|b .H37 2005
|
| 082 |
0 |
4 |
|a 658.4038
|2 22
|
| 245 |
0 |
0 |
|a Has knowledge management been done?
|h [electronic resource] /
|c Guest editors, Joseph Firestone and Mark W. McElroy.
|
| 260 |
|
|
|a Bradford :
|b Emerald Group Publishing Limited,
|c 2005.
|
| 300 |
|
|
|a p. 104-220 :
|b ill.
|
| 490 |
1 |
|
|a The learning organization,
|x 0969-6474 ;
|v v. 12, no. 2
|
| 504 |
|
|
|a Includes bibliographical references and index.
|
| 533 |
|
|
|a Electronic reproduction. Ann Arbor, MI : ProQuest, 2015. Available via World Wide Web. Access may be limited to ProQuest affiliated libraries.
|
| 650 |
|
0 |
|a Knowledge management.
|
| 650 |
|
0 |
|a Information technology.
|
| 655 |
|
4 |
|a Electronic books.
|
| 700 |
1 |
|
|a Firestone, Joseph M.
|
| 700 |
1 |
|
|a McElroy, Mark W.
|
| 710 |
2 |
|
|a ProQuest (Firm)
|
| 830 |
|
0 |
|a Learning organization ;
|v v. 12, no. 2.
|
| 856 |
4 |
0 |
|u https://ebookcentral.proquest.com/lib/matrademy/detail.action?docID=233861
|z Click to View
|